Normal view MARC view
  • DENYER,P STEPHEN, HODGES,NORMAN,AND OTHERS

Entry Personal Name

Number of records used in: 1

001 - CONTROL NUMBER

  • control field: 7686

003 - CONTROL NUMBER IDENTIFIER

  • control field: JRU

005 - DATE AND TIME OF LATEST TRANSACTION

  • control field: 20230403144546.0

008 - FIXED-LENGTH DATA ELEMENTS

  • fixed length control field: 230403|| aca||aabn | a|a d

040 ## - CATALOGING SOURCE

  • Original cataloging agency: JRU
  • Transcribing agency: JRU

100 ## - HEADING--PERSONAL NAME

  • Personal name: DENYER,P STEPHEN, HODGES,NORMAN,AND OTHERS

670 ## - SOURCE DATA FOUND

  • Source citation: Work cat.: (JRU)8255: DENYER,P STEPHEN, HODGES,NORMAN,AND OTHERS, PHARMACEUTICAL MICROBIOLOGY, 2019